Clinical Nursing Skills & Techniques/ (Record no. 13572)
[ view plain ]
| 000 -LEADER | |
|---|---|
| fixed length control field | 00986nam a22002177a 4500 |
| 008 - FIXED-LENGTH DATA ELEMENTS--GENERAL INFORMATION | |
| fixed length control field | 100303s2010 mou|||||r|||| 001 0 eng d |
| 020 ## - INTERNATIONAL STANDARD BOOK NUMBER | |
| International Standard Book Number | 9780323052894 |
| 082 ## - DEWEY DECIMAL CLASSIFICATION NUMBER | |
| Edition number | 22 |
| Classification number | 610.73 |
| Item number | PER |
| 100 ## - MAIN ENTRY--PERSONAL NAME | |
| 9 (RLIN) | 12190 |
| Personal name | Perry, Anne Griffin. |
| 245 ## - TITLE STATEMENT | |
| Title | Clinical Nursing Skills & Techniques/ |
| Statement of responsibility, etc | Anne Griffin Perry& Patricia Ann Potter; Section Editor Wendy Ostendorf |
| 250 ## - EDITION STATEMENT | |
| Edition statement | 7th ed. |
| 260 ## - PUBLICATION, DISTRIBUTION, ETC. (IMPRINT) | |
| Place of publication, distribution, etc | St. Louis, Mo. : |
| Name of publisher, distributor, etc | Elsevier/Mosby, 2010 |
| Date of publication, distribution, etc | 2010 |
| 300 ## - PHYSICAL DESCRIPTION | |
| Extent | 1276 p.; |
| Other physical details | Col. ill.; |
| Dimensions | 27 cm. |
| 504 ## - BIBLIOGRAPHY, ETC. NOTE | |
| Bibliography, etc | Includes bibliographical references and index |
| 650 ## - SUBJECT ADDED ENTRY--TOPICAL TERM | |
| 9 (RLIN) | 12072 |
| Topical term or geographic name as entry element | Nursing Care |
| Form subdivision | Handbooks. |
| 650 ## - SUBJECT ADDED ENTRY--TOPICAL TERM | |
| 9 (RLIN) | 12071 |
| Topical term or geographic name as entry element | Clinical medicine |
| Form subdivision | -- Handbooks, manuals, etc. |
| 650 ## - SUBJECT ADDED ENTRY--TOPICAL TERM | |
| 9 (RLIN) | 12117 |
| Topical term or geographic name as entry element | Nursing |
| Form subdivision | Handbooks, manuals, etc. |
| 700 ## - ADDED ENTRY--PERSONAL NAME | |
| 9 (RLIN) | 12189 |
| Personal name | Potter, Patricia Ann. |
| 942 ## - ADDED ENTRY ELEMENTS (KOHA) | |
| Source of classification or shelving scheme | Dewey Decimal Classification |
| Item type | |
| Withdrawn status | Item status | Source of classification or shelving scheme | Damaged status | Not for loan | Vendor | Home library | Current library | Shelving location | Date acquired | Source of acquisition | Cost, normal purchase price | Serial Enumeration / chronology | Total Checkouts | Total Renewals | Full call number | Barcode | Date last seen | Date last borrowed | Koha item type |
|---|---|---|---|---|---|---|---|---|---|---|---|---|---|---|---|---|---|---|---|
| Dewey Decimal Classification | Academic Bookshop | Central Library | Central Library | First floor | 03/03/2010 | 520.00 | 3698 | 16 | 2 | 610.73 PER | 000019417 | 15/07/2025 | 16/12/2013 | NB - Book (Non borrowing) |